Pokemon Brick Bronze/Roria Places - Statistics

General Stats
  • This quiz has been taken 16 times
  • The average score is 16 of 29
Answer Stats
NO Answer % Correct
s Anthian City
91%
ss Anthian Park
91%
s Battle District
91%
s Chesma Town
91%
s Housing District
91%
s Mitis Town
91%
ss Shopping District
91%
WNOW Brimber City
82%
w Lagoona Lake
82%
hwejue Rosecove City
82%
NO Silvent City
82%
s Aredia City
73%
s Port Decca
73%
s Crescent Town
64%
s Anthian Sewer
55%
Frostveil City
45%
s Grove of Dreams
36%
s Old Graveyard
36%
sw Cragonos Cliffs
27%
s Cragonos Mines
27%
s Floruma City
27%
s Gale Forest
27%
s Mt Igneus
27%
s Cosmeos Valley
18%
s Cragonos Peak
18%
s Fortulose Manor
18%
s Igneus Depths
18%
s Secret Grove
9%
Tinbell Tower
9%
No matching quizzes found
Score Distribution
Percent of People with Each Score
Percentile by Number Answered
Your Score History
You have not taken this quiz